Chcú vyraziť do sveta konkurz v speváckom zbore Pútničkovia

Bibliographic Details
Main Author: Majerník, Tomáš, 1942-2022 (Author)
Format: Article
Language:Slovak
PhysicalDescription:Fotogr.
ISSN:1336-4030
Subjects:
Online Access:www.vecernik.po.sk

MARC

LEADER 00000nab a2200000 a 4500
001 vtls008631539
003 SK-MaSNL
005 20260304020547.0
008 060315c20060113xo dr n 000 00slo
038 |a SVKPOCL 
040 |a SVKPOCL  |b slo  |c AACR2  |e AACR2 
041 |a slo 
044 |a xo  |c SK 
080 |a 78.87.684  |2 2001 
100 1 |a Majerník, Tomáš,  |d 1942-2022  |4 aut  |9 69034 
245 1 0 |a Chcú vyraziť do sveta  |b konkurz v speváckom zbore Pútničkovia  |c Tomáš Majerník 
300 |a Fotogr. 
610 2 7 |a Pútničkovia (detský spevácky zbor : Prešov, Slovensko)  |2 svkpocl  |9 1224365 
651 7 |a Prešov (Slovensko)  |2 svkpocl  |9 17347 
773 0 |t Prešovský večerník  |g Roč. XVII, č. 3872 (13.1.2006), s. 6  |x 1336-4030 
852 |a SVKPO  |b KIS3GCP 
856 4 1 |u www.vecernik.po.sk 
999 |c 2599588  |d 2601518